The People's Scientist (Record no. 47127)

MARC details
000 -LEADER
fixed length control field 00533nam a22001697a 4500
005 - DATE AND TIME OF LATEST TRANSACTION
control field 20251218170640.0
008 - FIXED-LENGTH DATA ELEMENTS--GENERAL INFORMATION
fixed length control field 251218b |||||||| |||| 00| 0 eng d
020 ## - INTERNATIONAL STANDARD BOOK NUMBER
International Standard Book Number 9788172868635
040 ## - CATALOGING SOURCE
Transcribing agency VITAP
082 ## - DEWEY DECIMAL CLASSIFICATION NUMBER
Edition number 23rd Ed.
Classification number 509.2 CHA
100 ## - MAIN ENTRY--PERSONAL NAME
Personal name Chandrahas, K.
9 (RLIN) 16788
245 ## - TITLE STATEMENT
Title The People's Scientist
Remainder of title : A Biography of Dr. Y. Nayudamma
Statement of responsibility, etc. / K. Chandrahas
260 ## - PUBLICATION, DISTRIBUTION, ETC.
Place of publication, distribution, etc. Bengaluru
Name of publisher, distributor, etc. Prism Books Pvt. Ltd.
Date of publication, distribution, etc. 2015
300 ## - PHYSICAL DESCRIPTION
Extent xiii, 168p. : ill. ; 22cm
650 #0 - SUBJECT ADDED ENTRY--TOPICAL TERM
Topical term or geographic name entry element Scientists; India; Nayudamma, Y
9 (RLIN) 16789
942 ## - ADDED ENTRY ELEMENTS (KOHA)
Source of classification or shelving scheme Dewey Decimal Classification
Koha item type Reference Book
Holdings
Withdrawn status Lost status Source of classification or shelving scheme Materials specified (bound volume or other part) Damaged status Not for loan Collection code Home library Current library Shelving location Date acquired Source of acquisition Cost, normal purchase price Inventory number Total Checkouts Full call number Barcode Date last seen Cost, replacement price Price effective from Koha item type Public note
    Dewey Decimal Classification Paper Back     Reference School of Business & General Section VIT-AP Reference 2025-12-18 Donated by Dr. K. Lakshminarayana IAS (Retd.) 0.00 Donated by Dr. K. Lakshminarayana IAS (Retd.)   509.2 CHA 025033 2025-12-18 0.00 2025-12-18 Reference Book GEN

Visitor Number: